000 00919nam a2200265Ia 4500
003 OSt
005 20220918171049.0
006 a|||||r|||| 00| 0
007 ta
008 220917b |||||||| |||| 00| 0 eng d
020 _a9781138569645 (hbk)
_cUKP 115.00
024 _a353,240
037 _b1834, 06/03/2020, Bright Book Service
_cTextual
040 _aARTS
_cARTS
_beng
041 _2eng
_aeng
082 _aX:8, Q9
100 _aShimoni Baruch Au.
_933776
245 0 _aOrganization development and society
_b theory and practice of organization development consulting
260 _aNew York
_bRoutledge USA
_c2019
300 _aix,127p.
_ccm.
490 _aRoutledge studies in organizational change and development
650 _aECONOMICS; ORGANIZATIONAL CHANGE
_933777
942 _hX:8, Q9
_cTEXL
_2CC
999 _c137668
_d137668